LEADER 00855nam a2200253 i 4500 001 991003834149707536 005 20020509132926.0 008 010514s1979 it ||| | ita 035 $ab11221525-39ule_inst 035 $aPARLA189427$9ExL 040 $aDip.to Filosofia$bita 082 0 $a193 100 1 $aCorradini Broussard, Domenico$0121376 245 10$aNietzsche /$cscritti di D. Corradini ... [et al.] 260 $aMilano :$bAngeli,$c[1979] 300 $a230 p. ;$c22 cm. 490 0 $aLavoro filosofico ;$v1 650 4$aNietzsche, Friedrich 907 $a.b11221525$b23-02-17$c01-07-02 912 $a991003834149707536 945 $aLE005IF X L 39$g1$iLE005IFA-15528$lle005$o-$pE0.00$q-$rl$s- $t0$u0$v0$w0$x0$y.i11375656$z01-07-02 996 $aNietzsche$9867612 997 $aUNISALENTO 998 $ale005$b01-01-01$cm$da $e-$fita$git $h0$i1 LEADER 01651oam 2200517 450 001 9910713082203321 005 20200316152609.0 035 $a(CKB)5470000002499378 035 $a(OCoLC)898333185 035 $a(EXLCZ)995470000002499378 100 $a20141219d2014 ua 0 101 0 $aeng 135 $aur||||||||||| 181 $ctxt$2rdacontent 182 $cc$2rdamedia 183 $acr$2rdacarrier 200 14$aThe Peru continuous DHS experience /$fShea O. Rutstein, Ann Way 210 1$aRockville, Maryland, USA :$cICF International,$d2014. 215 $a1 online resource (x, 40 pages) $ccolor illustrations 225 1 $aDHS occasional papers ;$vno. 8 300 $a"September 2014." 300 $a"This publication was produced for review by the United States Agency for International Development"--Cover. 320 $aIncludes bibliographical references (pages 25-27). 606 $aDemographic surveys$zPeru 606 $aHealth surveys$zPeru 606 $aDemographic surveys$2fast 606 $aHealth surveys$2fast 607 $aPeru$2fast 615 0$aDemographic surveys 615 0$aHealth surveys 615 7$aDemographic surveys. 615 7$aHealth surveys. 700 $aRutstein$b Shea Oscar$01398580 702 $aWay$b Ann 712 02$aICF International (Firm), 712 02$aUnited States.$bAgency for International Development, 801 0$bDJB 801 1$bDJB 801 2$bOCLCF 801 2$bOCLCQ 801 2$bOCLCA 801 2$bGPO 906 $aBOOK 912 $a9910713082203321 996 $aThe Peru continuous DHS experience$93525178 997 $aUNINA LEADER 02443oam 2200577I 450 001 9910792533503321 005 20230808201644.0 010 $a1-351-94747-8 010 $a1-138-25853-9 010 $a1-315-25891-9 024 7 $a10.4324/9781315258911 035 $a(CKB)3710000001081824 035 $a(MiAaPQ)EBC4817499 035 $a(Au-PeEL)EBL4817499 035 $a(CaPaEBR)ebr11356658 035 $a(OCoLC)975224252 035 $a(OCoLC)988379794 035 $a(EXLCZ)993710000001081824 100 $a20180706e20162004 uy 0 101 0 $aeng 135 $aurcnu|||||||| 181 $2rdacontent 182 $2rdamedia 183 $2rdacarrier 200 10$aCrisis and renewal in twentieth century banking $eexploring history and archives of banking at times of political and social stress /$fedited by Edwin Green, John Lampe, and Franjo Stiblar 210 1$aLondon :$cRoutledge,$d2016. 215 $a1 online resource (302 pages) $cillustrations 225 1 $aStudies in banking history 300 $aFirst published 2004 by Ashgate Publishing. 300 $aProceedings of the 12th annual conference of the European Association for Banking History held in Ljubljana, Slovenia in May 2001. 311 $a0-7546-3358-6 311 $a1-351-94748-6 320 $aIncludes bibliographical references at the end of each chapters and index. 327 $apt. I. War and revolution : Russian and foreign banks, 1917-30 -- pt. II. Depression and political turmoil in Central Europe -- pt. III. Banking in civil war and its aftermath -- pt. IV. Post-war reconstruction : the German and Far Eastern experience -- pt. V. Crisis and renewal in twentieth century banking : the Slovenian experience -- Part VI. Rupture and reconnections. 410 0$aStudies in banking history. 517 3 $aCrisis and renewal in 20th century banking 606 $aBanks and banking$zEurope$xHistory$vCongresses 606 $aFinancial institutions$zEurope$xHistory$vCongresses 615 0$aBanks and banking$xHistory 615 0$aFinancial institutions$xHistory 676 $a332.10940904 701 $aGreen$b Edwin$0247906 701 $aLampe$b John R$0248394 701 $aStiblar$b Franjo$0722857 801 0$bMiAaPQ 801 1$bMiAaPQ 801 2$bMiAaPQ 906 $aBOOK 912 $a9910792533503321 996 $aCrisis and renewal in twentieth century banking$93778420 997 $aUNINA LEADER 08010nam 2200493 450 001 9910830209803321 005 20230807193820.0 010 $a1-119-89884-6 010 $a1-119-89882-X 035 $a(MiAaPQ)EBC7268728 035 $a(Au-PeEL)EBL7268728 035 $a(BIP)087643292 035 $a(EXLCZ)9927489928700041 100 $a20230807d2023 uy 0 101 0 $aeng 135 $aurcnu|||||||| 181 $ctxt$2rdacontent 182 $cc$2rdamedia 183 $acr$2rdacarrier 200 10$aData centre essentials $edesign, construction, and operation of data centres for the non-expert /$fVincent Fogarty and Sophia Flucker 205 $aFirst edition. 210 1$aHoboken, NJ :$cJohn Wiley & Sons Ltd,$d[2023] 210 4$d©2023 215 $a1 online resource (242 pages) 300 $aIncludes index. 311 08$aPrint version: Fogarty, Vincent Data Centre Essentials Newark : John Wiley & Sons, Incorporated,c2023 9781119898818 327 $aCover -- Title Page -- Copyright Page -- Contents -- Acronyms & -- Symbols -- Foreword by Tom Glover -- Preface -- Acknowledgements -- Aboutthe Authors -- Chapter 1 Introduction -- Chapter 2 What Drives the Need and the Various Types of Data Centres -- Data Demand versus Compute Efficiency -- Workload Placement -- The Core Components of a Data Centre -- Types of Data Centres -- Entreprise Data Centre -- Colocation -- Public Cloud -- Urban or Edge -- Chapter 3 Site Selection -- Climate -- Access Roads and Airports -- Air Quality -- Likelihood of Natural Disasters -- Ground Conditions -- Communications Infrastructure -- Latency -- Proximity to Subsea Cable Landing Sites -- Density of Fibre Telecommunication Networks Near the Data Centre -- Geopolitical Risks, Laws, and Regulations -- Availability and Cost of Electrical Power -- Natural Resources -- Airport Flight Paths -- Electromagnetic Interference -- Taxes, Regulations, and Incentives -- Incentives -- Know the Stakeholders -- Expect the Unexpected -- Traditional Due Diligence -- Retrofitting Commercial Buildings for Data Centres -- Clusters -- Qualitative Analysis -- Quantitative Analysis -- Chapter 4 IT Operations and the Evolution of the Data Centre -- Beginning of IT Infrastructure -- Bringing Enterprise IT to Maturity -- IT Applications as Standalone Products - The Digital Economy -- Second Iteration of the Internet -- Key Ingredients for Digital Products -- Difference Between Enterprise IT Infrastructure and Hosting Infrastructure -- Commoditisation of IT Infrastructure -- Virtualisation: Servers and Data Centres as Generators for Digital Resources -- Software-as-a-Service: Digital Natives Entering the Enterprise -- Great Outsourcing of Enterprise IT and the Growth of the Colocation Model -- When Digital Products Scale - or the Invention of Hyperscale. 327 $aA Change in Architecture - The Rise of Cloud Infrastructure -- Origin of a Market for Digital Resources -- When Cloud Infrastructure Became Cloud Services -- When Microsoft and Google Joined the Party -- Kubernetes and the Next Layer of Abstraction -- How Traditional Hosting Companies Have Been Left Behind -- How the New Paradigm of Cloud Infrastructure Is Changing How Data Centres Are Built -- Central Role of Connectivity in the Future of Data Centre Architectures -- Problem of an Old IT Philosophy -- Chapter 5 Overview of Infrastructure -- Power -- Cooling -- BMS -- Fire -- Security -- Chapter 6 Building a Data Centre: Stakeholders, Design, Construction, and Commissioning -- Stakeholders and Project Stages -- Pre-project -- Pre-design -- Design -- Bricks and Mortar versus Modular Build -- Procurement -- Construction -- Commissioning -- Handover (see also Chapter 7) -- Operation -- Chapter 7 Operational Issues -- Handover -- Legacy Facilities -- Operations Team -- Uptime and Failures -- Maintenance Processes and Procedures -- Managing Change -- Capacity Management -- Training -- Performance Optimisation - Beyond Reactive Maintenance -- Chapter 8 Economics, Investment, and Procurement of Data Centres -- Enterprise -- Colocation -- Retail Colocation -- Wholesale Colocation -- Retail versus Hyper-scale Data Centres -- Retail Data Centres -- Hyper-Scale Data Centres -- Investment and Procurement -- Investment in Colocation Facilities -- Power Supply Arrangements -- Other Complexities -- Valuation -- Colocation Leases -- Wholesale Colocation -- Retail Colocation -- Service-Level Agreements (SLAs) -- Managed Hosting and Cloud Services -- Total Cost of Ownership (TCO) -- Merger and Acquisition -- Chapter 9 Sustainability -- Corporate Sustainability -- Energy Consumption and Energy Efficiency -- Renewable Energy -- Generators -- Water Usage -- Heat Recovery. 327 $aLife Cycle Impacts -- Green Building Certifications -- Policy and Regulation -- Conclusion -- Chapter 10 The Importance of Planning to Avoid Things Going Wrong -- Introduction -- Acquisitions and Investments -- Operating Models and Commercial Contracts -- Funding Investment -- Construction -- Choice of Contract -- Technical and Pricing Schedules -- Risk Allocation -- Usual Suspects -- Infrastructure Provision and Project Rights -- Construction -- Moving to Low Carbon Solutions -- What Are Data Centre Operators Doing to Transition to Low Carbon? -- Corporate Power Purchase Agreements (CPPAs) -- On-site Generation and Electricity Supply -- Backup Power -- Where Could Other Efficiencies Be Made? -- Ensuring Resilience -- Intellectual Property Rights -- Data and Cyber/Regulatory Compliance -- Disputes -- Conclusion -- Chapter 11 Around the Corner, What Could Happen Next -- Glossary -- Index -- EULA. 330 8 $aUnderstand the design, construction and operation of data centres with this easy-to-use referenceData centres are spaces where computer systems, physical network technology and associated components are housed, operated and monitored, and any industry or business that employs computer systems or networked systems at any scale will interact with data centres. Data centres are complex and expensive to build and operate, and successful project delivery requires a wide range of specialised knowledge and skills. This accessible reference lays out the requirements for creating these essential facilities.Data Centre Essentials is a comprehensive survey of the essential principles of data centre design, construction and operation. It is designed to provide those involved in a data centre project or providing professional service deliverables to the data centre industry but do not have a technical background or deep sector experience with the understanding required to participate in such projects. The non-technical language and thorough engagement with key considerations make it ideal for anyone looking to understand one of the pillars of a digital society.Data Centre Essentials readers will also find:An authorial team with decades of combined experience in engineering and construction consultancyDetailed information about every stage in the process, including securing investment and the building processWorking lexicon of key data centre terminologyData Centre Essentials isa must-own for contractors, engineers and construction project managers involved in data centre projects and will be invaluable for professionals such as lawyers, financial and insurance advisors, surveyors, engineers and architects who do not necessarily have deep domain experience but find themselves involved in or are interested in engaging in, data centre projects. 606 $aData centers 610 $aMechanical Engineering 610 $aTechnology & Engineering 615 0$aData centers. 676 $a005.74 700 $aFogarty$b Vincent$01670718 702 $aFlucker$b Sophia 801 0$bMiAaPQ 801 1$bMiAaPQ 801 2$bMiAaPQ 906 $aBOOK 912 $a9910830209803321 996 $aData centre essentials$94032763 997 $aUNINA